header

Industrial gas flaring practices (Record no. 61449)

MARC details
000 -LEADER
fixed length control field 01153nam a2200289 a 4500
082 04 - DEWEY DECIMAL CLASSIFICATION NUMBER
Classification number 658.4038
100 1# - MAIN ENTRY--AUTHOR NAME
Personal name Cheremisinoff, Nicholas P.
245 10 - TITLE STATEMENT
Title Industrial gas flaring practices
260 ## - PUBLICATION, DISTRIBUTION, ETC. (IMPRINT)
Place of publication Salem, Mass. :
Name of publisher Scrivener Pub.,
Year of publication 2013.
300 ## - PHYSICAL DESCRIPTION
Number of Pages xi, 255 p. :
Other physical details ill.
650 #0 - SUBJECT ADDED ENTRY--TOPICAL TERM
Topical Term Flare gas systems (Chemical engineering)
Topical Term Industrial toxicology.
856 40 - ELECTRONIC LOCATION AND ACCESS
Uniform Resource Identifier http://site.ebrary.com/lib/rucke/Doc?id=10682360

No items available.

© 2026 Rongo University
Contact us: librarian | system librarian | Rongo university